CAPP - kreslené technologické postupy : Bakalárska práca
Enregistré dans:
| Auteurs principaux: | , |
|---|---|
| Format: | Manuscrit Livre |
| Langue: | slovaque |
| Publié: |
Trnava :
STU v Bratislave MtF KOM,
2004
|
| Sujets: | |
| Tags: |
Pas de tags, Soyez le premier à ajouter un tag!
|
MARC
| LEADER | 00000ntm a22000003a 4500 | ||
|---|---|---|---|
| 001 | stu90104 | ||
| 005 | 20160719154609.7 | ||
| 008 | 040913s2004----xo------------------slo-d | ||
| 040 | |a STU |b slo | ||
| 041 | 0 | |a slo | |
| 044 | |a xo | ||
| 100 | 1 | |a Morovič, Ladislav, |d 1979- |4 xxx |u M3000 |U MTF Materiálovotechnologická fakulta |T MTF Ústav výrobných technológií |X 38280 |U M3000 |Y 83 |7 A000038280 | |
| 245 | 1 | |a CAPP - kreslené technologické postupy : |b Bakalárska práca | |
| 260 | |a Trnava : |b STU v Bratislave MtF KOM, |c 2004 | ||
| 300 | |a 55 s | ||
| 650 | 7 | |a technológie strojárskej výroby |2 stusub | |
| 650 | 7 | |a počítačom podporovaná príprava výroby |2 stusub | |
| 700 | 1 | |a Simon, Štefan |4 aut | |
| 996 | |b 284M060321 |c M*BP-672 |l MMSKP |s P |a 0 |w stu90104_0001 | ||